00764nam a2200181 a 450000100100000000500170001000800410002704000250006808200160009311000980010924500240020726000710023130000200030204900090032295201140033195201200044599900170056500003032820200930060233.0110510s1999 dr 000 0 spa d aDO-SdBNPbspacBNPHU axxxxbR426i1 aRepública Dominicana.bCentro Nacional de Investigaciones en Salud Marterno Infantil956991 0aInforme anual 1999. aSanto Domingo :bHospital de Niños Robert Reid Cabral,c[1999?]. a22 p. ;c27 cm. aBNPD 0010718PDaPDbPDcCTd2011-05-10iLF1l0oxxxx R426ip30328-10r2020-06-25w2020-06-25yLFPDZNo se presta 0010718PDaPDbPDcCTd2011-05-10iLF1l0oxxxx R426ip30328-20r2020-06-25te. 2w2020-06-25yLFPDZNo se presta c29820d29820